| 000 | 00606nam a22001937a 4500 | ||
|---|---|---|---|
| 005 | 20251108174518.0 | ||
| 008 | 250721s2008 xx 000 0 ara d | ||
| 020 | _a9953721416 | ||
| 082 | 1 | 4 | _a646.75/رزق |
| 100 | 1 |
_aرزق، هيام _eمؤلف |
|
| 245 | 1 | 0 | _aكيف تعتني بالشعر والأظافر / |
| 264 | 1 |
_aبيروت : _bدار القلم للطباعة والنشر والتوزيع، _c[2008]. |
|
| 300 | _a104ص. | ||
| 650 | 1 | 7 | _aالمظهر الشخصي |
| 650 | 1 | 7 | _aالاظافر |
| 700 | 1 |
_aعلامة، معصومة _eمؤلف |
|
| 942 |
_2ddc _cBK |
||
| 999 |
_c111065 _d111065 |
||